'Stand'ard Vocabulary Quiz Stats

 Plays Quiz Updated Sep 5, 2016

Challenge
Share
Tweet
Embed
Score 0/16 Timer 03:00
2 Plays Today
% Correct
Nightstand
94.9%
Understand
94.8%
Handstand
94.2%
Kickstand
93.7%
Standoffish
93.3%
Bystander
93.2%
Freestanding
93%
Standby
92.3%
% Correct
Upstanding
91.9%
Grandstand
91.4%
Standard
90.4%
Standstill
89.3%
Standout
86.6%
Stand-down
86.3%
Bandstand
85.9%
Withstand
85.5%

You're not logged in!

Compare scores with friends on all Sporcle quizzes.
OR
Log In

You Might Also Like...

Show Comments

Extras

Top Quizzes Today


Score Distribution

Your Account Isn't Verified!

In order to create a playlist on Sporcle, you need to verify the email address you used during registration. Go to your Sporcle Settings to finish the process.

Report this User

Report this user for behavior that violates our Community Guidelines.

Details: